| 000 | 00000nam##2200000za#4500 |
| 001 | 9.640073 |
| 003 | CaOODSP |
| 005 | 20210624222507 |
| 007 | cr ||||||||||| |
| 008 | 150407|2000||||xxc|||||o f|0| 0 fre|d |
| 040 | |aCaOODSP|bfre |
| 043 | |an-cn--- |
| 086 | 1 |aFo42-308/2000F-PDF |
| 110 | 1 |aCanada.|bRessources naturelles Canada. |bService canadien des forêts. |
| 245 | 10|aActes du symposium de la réunion des partenaires du Réseau canadien de forêts modèles : |h[ressource électronique]|bHalifax (Nouvelle-Écosse), les 8 et 9 septembre, 1999 |
| 260 | |aOttawa - Ontario : |bRessources naturelles Canada. |cc2000. |
| 300 | |a79p.|bfigures, graphique, cartes, références, tableau, photographies |
| 500 | |aLe n° de catalogue (Fo42-308/2000F) et l'ISBN (0-662-84775-X) de l'édition imprimée ont été incorrectement copiés dans l'édition électronique. |
| 590 | |a12-17-Supp|b2012-04-20 |
| 691 | 07|aForêt modèle|2gcpds |
| 691 | 07|aGestion forestière|2gcpds |
| 691 | 07|aGestion de l'environnement|2gcpds |
| 775 | 08|tProceedings of the Canadian Model Forest Network's partnership meeting : |w(CaOODSP)9.695955 |
| 776 | 0#|tActes du symposium de la réunion des partenaires du Réseau canadien de forêts modèles, Halifax (Nouvelle-Écosse), les 8 et 9 septembre, 1999 |w(CaOODSP)9.681152 |
| 856 | 40|ahttp://publications.gc.ca|qPDF|s1.27 Mo|uhttps://publications.gc.ca/collections/Collection/Fo42-308-2000F.pdf |